000
00302nam a22001097a 4500
082
_a
621.3815 DUG'C
100
_a
PATRICK, D,DUGGER, W,SUESS, A
_9
75579
245
_a
CONTROL DEVICES AND SYSTEMS BASIC ELECTRONICS SYSTEMS TECHNOLOGY
260
_a
CALIFORNIA
_b
BRUCE
_c
1973
300
_a
217P
942
_c
BK
999
_c
580974
_d
580974